IVA. regimen de retención, de percepción y de pagos a cuenta (3º parte) (Registro nro. 15346)

Detalles MARC
000 -LEADER
fixed length control field 00377 a2200121 4500
001 - CONTROL NUMBER
control field ART_18652
005 - DATE AND TIME OF LATEST TRANSACTION
control field 20260410161703.0
008 - FIXED-LENGTH DATA ELEMENTS--GENERAL INFORMATION
fixed length control field 260409a
100 1# - MAIN ENTRY--PERSONAL NAME
Personal name Oklander, Juan
245 10 - TITLE STATEMENT
Title IVA. regimen de retención, de percepción y de pagos a cuenta (3º parte)
700 1# - ADDED ENTRY--PERSONAL NAME
Personal name Perez, Carlos A.
773 0# - HOST ITEM ENTRY
Title Revista Impuestos
Related parts - Nº 2 (feb. 2011)
Record control number REV639

No hay ítems disponibles.